Loreto College Library, Kolkata
WEBOPAC (ONLINE PUBLIC ACCESS CATALOGUE)

Economics (Record no. 7644)

MARC details
000 -LEADER
fixed length control field 00699nam a2200241Ia 4500
005 - DATE AND TIME OF LATEST TRANSACTION
control field 20230508110741.0
008 - FIXED-LENGTH DATA ELEMENTS--GENERAL INFORMATION
fixed length control field 131103s9999 xx 000 0 und d
020 ## - ISBN | অাই এস বি এন
ISBN | অাই এস বি এন 007100601 X
040 ## - CATALOGING SOURCE
Original cataloging agency Loreto College
041 ## - LANGUAGE CODE
Language code English
082 ## - DDC | ডিউই
Classification number | বর্গসংখ্যা 330
Book Number | গ্রন্থাঙ্ক SAM
100 ## - MAIN ENTRY--PERSONAL NAME | মুখ্য সংলেখ - ব্যাক্তিনাম
Personal name | ব্যাক্তিনাম Samuelson,Paul A.
245 ## - TITLE STATEMENT | অাখ্যা বিবরণী
Title | অাখ্যা Economics
Statement of responsibility | লেখকের দায়িত্বের বিবরণ Paul A.Samuelson [and] William D.Nordhaus
250 ## - EDITION STATEMENT | সংস্করণ ক্ষেত্র
Edition statement | সংস্করণ 13th ed.
260 ## - IMPRINT | প্রকাশনা ক্ষেত্র
Place of publication | প্রকাশ স্থান New York
Name of publisher | প্রকাশকের নাম McGraw - Hill Book Co.
Date of publication | প্রকাশ কাল 1948 (1989 printing)
300 ## - PHYSICAL DESCRIPTION |
Page / Vol. No | পৃষ্ঠা / খন্ড সংখ্যা xl,1013 p.
Other physical details | অনান্য বাহ্যিক বিবরণ ill.,fig.
440 ## - SERIES STATEMENT |গ্রন্থমালা
Series Title | গ্রন্থমালা অাখ্যা McGraw - Hill International Edition
504 ## - BIBLIOGRAPHY, ETC. NOTE
Bibliography, etc Includes bibliographical references and index
650 ## - SUBJECT ADDED ENTRY--TOPICAL TERM | বিষয় শিরোনাম - মূল বিষয়
Topical term | মূল বিষয় Economics
700 ## - ADDED ENTRY--PERSONAL NAME | অতিরিক্ত সংলেখ - ব্
Personal name | ব্যাক্তিনাম Nordhaus,William D.
850 ## - HOLDING INSTITUTION
Holding institution LCLIB
942 ## - ADDED ENTRY ELEMENTS (KOHA)
Koha item type Books
Holdings
Withdrawn status Lost status Source of classification Damaged status Not for loan Home library Current library Date acquired Total Checkouts Full call number Accession No. Date last seen Date checked out Price effective from Koha item type
    Dewey Decimal Classification     Loreto College Loreto College 04/11/2013 11 330 SAM 36017 B20394 18/09/2019 18/09/2019 04/11/2013 Books
    Dewey Decimal Classification     Loreto College Loreto College 04/11/2013 7 330 SAM 36228 B20395 28/04/2017 28/04/2017 04/11/2013 Books
    Dewey Decimal Classification     Loreto College Loreto College 04/11/2013 14 330 SAM 36229 B7516 06/12/2019 06/12/2019 04/11/2013 Books